[Event "FRA-ch op-B"]
[Site "Paris"]
[Date "1994.??.??"]
[Round "3"]
[White "Note, Frederic"]
[Black "Birebent, Guy"]
[Result "1-0"]
[WhiteElo "1970"]
[BlackElo "1680"]
[PlyCount "105"]
[EventDate "1994.??.??"]
[EventType "swiss"]
[EventRounds "9"]
[EventCountry "FRA"]
[SourceTitle "EXT 1998"]
[Source "ChessBase"]
[SourceDate "1997.11.17"]
[SourceVersion "1"]
[SourceVersionDate "1997.11.17"]
[SourceQuality "1"]

1. Nf3 d5 2. g3 e6 3. Bg2 c5 4. 0-0 Nf6 5. d3 Nc6 6. Nbd2 Bd7 7. e4 dxe4 8. dxe4 e5 9. c3 h6 10. Qe2 Qc7 11. Rd1 Be7 12. Nc4 0-0-0 13. h3 Be6 14. Bd2 g5 15. Nh2 Kb8 16. Nf1 Rd7 17. Nfe3 Rhd8 18. Be1 Rxd1 19. Nxd1 Qc8 20. Kh2 Qc7 21. Nde3 Bf8 22. Bd2 Rd7 23. Be1 Qd8 24. Nf5 Rd3 25. Nce3 Rd7 26. b3 a6 27. Rb1 Ka7 28. Rb2 Ng8 29. Rd2 f6 30. Nd5 Nce7 31. Nfxe7 Nxe7 32. Nxf6 Rxd2 33. Qxd2 Qxd2 34. Bxd2 Nc6 35. Be3 b6 36. f4 exf4 37. gxf4 gxf4 38. Bxf4 Nb8 39. Kg3 Nd7 40. e5 Bg7 41. Nxd7 Bxd7 42. c4 b5 43. Bd5 bxc4 44. e6 Be8 45. Bxc4 Kb6 46. Kg4 a5 47. a4 Bf8 48. h4 h5+ 49. Kf5 Be7 50. Bg5 Bd6 51. Bd8+ Bc7 52. e7 Kb7 53. Bb5 1-0